000 01064nam a2200241 a 4500
001 000043262
005 20250909091242.0
008 140303s2008 sp 000 0 spa d
020 _a9788483470756
040 _aDO-SdBNP
_bspia
_cBNPHU
100 1 _aRecasens Siches, Luis
_d1903-1977
_970867
245 1 0 _aLuis Recasens Siches /
_cedición e introducción de Alberto J. Ribes Leiva.
260 _aMadrid :
_bAgencia Española de Cooperación Internacional,
_c2008.
300 _a220 p. ;
_c24 cm.
490 1 _aAntología del pensamiento político, social y económico de América latina ;
_v9
490 1 _aCiencias y humanismo
504 _aIncluye referencias bibliográficas y notas al pie de las páginas
500 _aIncluye datos biográficos del autor en al solapa de la cubierta
700 1 _aRibes Leiva, Alberto Javier,
_eed.
_970868
710 2 _aAgencia Española de Cooperación Internacional
_934585
830 0 _aAntología del pensamiento político, social y económico de América latina
_v9
_970870
830 0 _aCiencias y humanismo
_970218
999 _c42751
_d42751